000 00507nam a2200169 i 4500
001 bg
100 1 _aKOŁOWROCKI, Krzysztof
245 0 _aWybrane układy z rachunku prawdopodobieństwa i statystyki matematycznej /
_cKrzysztof Kołowrocki.
260 _aGdynia :
_bWydaw. Wyższej Szkoły Morskiej,
_c1993.
300 _a340, [7] s. :
_bwykr. ;
_c21 cm.
504 _aBibliogr. s. [347].
040 _cBPK
041 _apol
080 _a519.2
942 _cKS
008 s pl f |000 0 pol
999 _c6327
_d6327
856 _uhttp://koha.tu.koszalin.pl/cgi-bin/koha/opac-detail.pl?biblionumber=6327
_yKatalog online BPK